| 000 | 00934cab a2200265 4500 | ||
|---|---|---|---|
| 001 | ABS59299 | ||
| 008 | 090401t1998 xxu||||| |||| 00| 0 eng d | ||
| 035 | _a(Sirsi) u88775 | ||
| 041 | _aeng | ||
| 100 | _aWheal, C. | ||
| 245 | _aResidential property takes off | ||
| 260 | _c1998 | ||
| 350 | _a0 | ||
| 490 |
_aChartered Insurance Institute Journal _vSeptember 1998, 20-21(2) |
||
| 520 | _aResearch by FPD Savills suggests that insurance companies should consider residential property as a far more secure investment possibility than they do. Insurer`s fears are misplaced as the research show the market to be far less volatile than might be expected. | ||
| 650 | _aFPD SAVILLS | ||
| 650 | _aINSURERS | ||
| 650 | _aPENSION FUNDS | ||
| 650 | _aRESEARCH | ||
| 650 | _aRESIDENTIAL PROPERTY INVESTMENT | ||
| 650 | _aRETURNS | ||
| 690 | _aPROPERTY-PROPERTY FINANCE AND INVESTMENT | ||
| 942 | _n0 | ||
| 948 | _c01/10/1998 | ||
| 999 |
_c56127 _d56127 |
||